[Event "Solin 7th"]
[Site "Solin"]
[Date "1999.12.18"]
[Round "9"]
[White "Morovic Fernandez, Ivan"]
[Black "Kozul, Zdenko"]
[Result "0-1"]
[WhiteElo "2608"]
[BlackElo "2612"]
[Annotator "Gofshtein,L"]
[PlyCount "58"]
[EventDate "1999.12.10"]
[EventType "tourn"]
[EventRounds "9"]
[EventCountry "CRO"]
[EventCategory "13"]
[SourceTitle "CBM 075"]
[Source "ChessBase"]
[SourceDate "2000.04.05"]
[SourceVersion "1"]
[SourceVersionDate "2000.04.05"]
[SourceQuality "1"]

{[%mdl 18560]} 1. e4 c5 2. Nf3 Nc6 3. d4 cxd4 4. Nxd4 Nf6 5. Nc3 d6 6. Bg5 e6
7. Qd2 a6 8. O-O-O Bd7 9. f4 b5 10. Nxc6 Bxc6 11. Bd3 b4 12. Ne2 Qb6 13. Bxf6
gxf6 14. Kb1 h5 (14... a5 15. f5 e5 16. Ng3 h5 $5 (16... Qc5 17. Nh5 Ke7 18. g4
Rg8 19. h3 a4 20. Rhe1 Rd8 $132 {0-1 Geller,E-Groszpeter,A/Sochi 1984/Inf 38 
(33)}) 17. Qe2 h4 18. Nh5 Ke7 19. g4 Bh6 20. Bc4 Rhd8 21. Bd5 Rac8 $15 {
Berelovich-Filipenko,Russia 1996}) 15. f5 {It is not necessary to fix now the
pawn structure, 15.Qe1 is more flexible} (15. Rhe1 a5 (15... Rc8 16. Nc1 a5 17.
f5 Bh6 18. Qe2 Bxc1 19. Rxc1 e5 20. c3 Ke7 21. cxb4 axb4 22. Bc4 $14 {0-1
Solleveld,M-Atalik,S/Groningen NED 1999 (40)}) 16. Ng3 a4 17. Bc4 Ra5 18. Qe2
h4 19. Nf1 Rc5 20. Nd2 $132 {1-0 Byrne,R-Kozul,Z/Palma de Mallorca GMA 1989 
(61)}) (15. Qe1 $1 {I think, this move is very strong and it is not so easy
for Black to equalize the game} a5 (15... h4 $5 16. Ng1 $1 {[%csl Rh4][%cal
Gg1f3]} (16. Rf1 a5 17. f5 $6 e5 18. Rf3 (18. Bc4 Qe3 $1 $15 {0-1 Rodriguez,
A-Kozul,Z/Lucerne 1997/CBM 62/ (32)}) 18... d5 19. Nf4 $5 (19. Nc1 $5 Rd8 (
19... Qb7 20. exd5 Bxd5 21. Re3 {[%cal Gd3e4]} Be7 (21... Bc5 22. Rxe5+ $18) (
21... Bxg2 22. Rxe5+ $1 $16) 22. Be4 $14) 20. exd5 Rxd5 21. Be4 Rxd1 22. Bxc6+
Qxc6 23. Qxd1 $11) 19... d4 20. Nd5 Bxd5 21. exd5 $132) (16. f5 $5 e5 17. Ng1
$1 {[%csl Rh4]} Ke7 18. Nf3 Bh6 19. Nxh4 a5 20. Nf3 Rhg8 21. g3 $1 $16 (21. Qe2
$2 a4 22. g4 (22. Bc4 b3 23. cxb3 axb3 24. Bxb3 Bb5 $44) 22... Qc5 $44 {
0-1 Sax,G-Kozul,Z/Ljubljana SLO 1999 (36)})) 16... a5 {As soon as possible
Black must initiate K attack} (16... f5 17. Nf3 fxe4 18. Bxe4 Rc8 (18... d5 19.
Bxd5 $16) 19. f5 $14) (16... d5 17. Nf3 $14) 17. Nf3 h3 18. g4 (18. gxh3 a4 19.
Qg1 Qb7 20. Nd2 b3 21. axb3 axb3 22. Nxb3 Bxe4 23. Bxe4 Qxe4 $15) 18... a4 19.
Qg1 (19. g5 fxg5 20. Nxg5 a3 $17) 19... Qb7 $1 (19... Qxg1 20. Rhxg1 $14 {
[%csl Rh3]}) 20. Qe3 $1 (20. Nd4 Bxe4 21. Bxe4 Qxe4 22. f5 e5 23. Qf1 Qb7 $17)
(20. Qd4 Be7 21. Nd2 (21. g5 e5 22. Qe3 b3 23. gxf6 bxa2+ 24. Kxa2 Rb8 25. Rb1
Bxf6 26. fxe5 dxe5 $17 {[%csl Yc6,Yf6][%cal Gb7b3]}) (21. Rhg1 b3 22. a3 (22.
cxb3 axb3 23. a3 Ra4 $19) 22... bxc2+ 23. Bxc2 e5 $17) (21. b3 Rg8 22. Rhg1 d5
23. e5 Ra5 $15) 21... b3 22. a3 (22. cxb3 axb3 23. Nxb3 Ra4 $17) 22... e5 23.
Qe3 bxc2+ 24. Bxc2 Rb8 25. Qc3 $44) 20... b3 21. cxb3 axb3 22. a3 Rg8 23. Rhg1
d5 24. Nd2 Qa7 25. Qxa7 (25. Qxh3 Bxa3 $1 $17) 25... Rxa7 26. exd5 (26. Rc1 $6
Kd7 27. exd5 Bxd5 28. Bb5+ Kd6 (28... Kd8 29. Bc6 Bd6 30. Bxd5 exd5 31. Nxb3
Bxf4 32. Rc2 Rc7 33. Nc5 Be3 (33... Bxh2 34. Rxh2 Rxc5 35. Rxh3 f5 36. g5 $14)
34. Rd1 d4 $132) 29. Rc8 $14) 26... Bxd5 27. Be4 $14) (15... d5 $2 16. exd5
Bxd5 17. f5 Qa5 18. Nc1 O-O-O 19. Qe2 $16 {1-0 Cseshkovsky,V-Shmuter,L/St.
Peterburg op 1993 (36)}) (15... O-O-O $6 16. Qh4 (16. Nd4 Bb7 17. c3 $14) 16...
Be7 17. f5 e5 18. Bc4 Rdg8 19. Ng3 Rg4 20. Qh3 Bxe4 21. Nxe4 Rxe4 22. Bxf7 $16
{1-0 Koglin,A-Mackova,E/Budapest FS04 IMW ,EXT 1994 (29)}) 16. Qh4 Be7 17. f5
e5 (17... O-O-O 18. fxe6 fxe6 19. Nf4 $16 {[%csl Re6]}) 18. Ng3 O-O-O 19. Bc4
$16 {1-0 Adams,M-Kozul,Z/Wijk aan Zee 1991/Inf 51/ (58)}) (15. Rhf1 h4 $5 (
15... a5 16. f5 (16. c3 Rb8 17. Nd4 Bd7 18. Be2 bxc3 19. Qxc3 Qb4 $11 {0-1
Conquest,S-Mednis,E/Copenhagen op 1990 (36)}) (16. Qe1 Rc8 17. Qh4 Be7 18. f5
e5 19. Ng3 $14 (19. Rd2 a4 20. Rfd1 a3 21. b3 Qe3 $132 {1-0 Horvath,T-Gyorkos,
L/HUN tt 1993 (44)})) (16. c4 Qc5 17. Rf3 Rg8 18. g3 Rd8 19. Rc1 Bg7 20. Rff1
a4 $11 {1/2-1/2 Enders,P-Baklan,V/Tegernsee GER 1999 (44)}) 16... e5 17. Ng1
Qc5 18. Qe2 a4 19. Bc4 $132 {0-1 Short,N-Kozul,Z/Belgrade 1989/CBM 16/(31)}) (
15... O-O-O 16. c3 d5 17. cxb4 (17. Qc2 Kb8 18. exd5 Bxd5 19. Be4 $14) 17...
Bxb4 18. Qc2 Kb8 19. e5 $14 {1/2-1/2 Berelovich,A-Shmuter,L/Sochi 1993/(68)})
16. f5 (16. Ng1 a5 17. Nf3 a4 18. Qe1 b3 $1 $132) 16... e5 17. Ng1 Bh6 18. Qe1
Ke7 19. Nf3 Bf4 20. Rh1 Be3 21. Qe2 a5 22. Rhe1 Bf4 $132 {0-1 Aseev,K-Shmuter,
L/Sochi 1993 (37)}) 15... Bh6 16. Qe1 e5 17. Bc4 $5 (17. Ng3 h4 18. Nf1 Bg5 19.
Nd2 Rd8 (19... Bxd2 20. Rxd2 Qc5 21. Qe2 a5 22. Rhd1 $14 {1/2-1/2 Servat,
R-Adla,D/La Plata ch-ARG 1992 (33)}) 20. Qe2 a5 $132) 17... Ke7 {Black has
decided to refuse acceptance of a pawn sacrifice} (17... Bxe4 18. Qh4 $1 Qc6 (
18... d5 19. Bxd5 Bxd5 20. Rxd5 $16) 19. Qxf6 Bxc2+ 20. Ka1 Qxc4 21. Qxh8+ Bf8
22. Rd2 Bxf5 23. Rc1 $14 (23. Qxh5 $4 Bg4 $19)) 18. b3 $4 $19 ({After} 18. Bd5
$132 {the game would be complex} a5 {[%csl Re2][%cal Ga5a4]} 19. Nc1 (19. Bxc6
Qxc6 20. Ng3 (20. Rd5 Rhc8 21. Qd1 (21. c3 Rab8 $19) 21... Rc7 22. c3 Rb8 $17)
(20. Ng1 Rhc8 21. Qe2 a4 $15) 20... h4 21. Nf1 Rhc8 22. Qe2 Ra7 $19 {[%csl Rc2]
[%cal Ga7c7]}) 19... Rhc8 20. Qe2 a4 21. Qxh5 Bxd5 22. Rxd5 Bxc1 23. Rxc1 b3
24. Qe2 bxa2+ (24... Rc3 $2 25. bxc3 bxa2+ 26. Kxa2 Rb8 27. Qb5 $16) 25. Kxa2
Rab8 (25... Rcb8 26. Rb1 Qb3+ 27. Ka1 Qb6 28. h4 a3 29. b3 a2 30. Rb2 $16) 26.
Rb1 Qb4 27. Qd3 (27. h4 Rc3 {[%cal Gc3a3]} 28. Rdd1 Qc4+ 29. Qxc4 Rxc4 30. Re1
Rxc2 $15) 27... Qc4+ (27... a3 28. b3 Rc3 29. Qe2 Rbc8 30. Rd2 Qc5 31. Rc1 (31.
Re1 Rxc2+ 32. Rxc2 Qxc2+ 33. Qxc2 Rxc2+ 34. Kxa3 Rxg2 35. Rh1 Re2 36. h4 Rxe4
37. h5 Kf8 (37... Rg4 38. h6 Rg8 39. h7 Rh8 40. b4 d5 41. b5 Kd6 42. Kb4 $16)
38. h6 Kg8 39. h7+ Kh8 40. b4 Rc4 41. Rh6 (41. b5 e4 42. Rh3 d5 43. Kb3 Rc1 44.
Kb4 d4 45. b6 d3 $19) 41... d5 42. Rxf6 Kxh7 43. Rxf7+ Kh6 44. b5 Kg5 45. b6
Rc6 46. b7 Rb6 47. Ka4 $11) 31... Rxb3 $1 32. cxb3 Qxc1 33. h4 $132) 28. Qxc4
Rxc4 29. Ka3 Rxe4 30. Rbd1 Rb6 31. h3 $132) 18... Rag8 {[%csl Re4,Rg2]} (18...
Bxe4 $5 19. Nc3 Bxc2+ 20. Kxc2 bxc3 $17) 19. Ng3 h4 20. Nh5 Bg5 $4 ({Why not} 
20... Rxg2 $1 {[%csl Rh5][%cal Gh6g5]} 21. Nxf6 (21. Qxh4 Bg5 22. Qh3 Bxe4 $19)
21... Kxf6 22. Qxh4+ (22. Rxd6+ Ke7 23. Qxh4+ Kxd6 24. Qf6+ Kc7 $19) 22... Kg7
23. Qe7 (23. Rxd6 Qg1+ 24. Rd1 Qf2 25. Qxf2 Rxf2 $19) 23... Qb7 24. f6+ Kh7 $19
) 21. g4 (21. Qe2 Bxe4 22. Qxe4 Rxh5 $15) 21... Rc8 22. Qe2 Bb5 23. Bxb5 $2 $17
{It was not necessary to open a line a} (23. Bd3 $15 {[%csl Rh5]}) 23... axb5
24. Rd5 Rc5 25. Qf2 $2 $19 (25. Rxc5 $142 dxc5 26. Rd1 c4 (26... Ra8 27. Qd3 c4
(27... Rd8 28. Qxd8+ Qxd8 29. Rxd8 Kxd8 30. h3 (30. Kb2 $4 h3 31. c3 Bf4 32.
Nxf4 (32. cxb4 Bxh2 $19) 32... exf4 $19) 30... Ke7 31. Kb2 Bd2 32. a3 bxa3+ 33.
Kxa3 $11) 28. Qd7+ Kf8 29. Qd6+ Qxd6 30. Rxd6 c3 31. Rd5 $11) 27. bxc4 bxc4 28.
Qxc4 Rd8 29. Qf1 (29. Rxd8 Qg1+ 30. Kb2 Qc1+ 31. Kb3 Qa3#) 29... Rxd1+ 30. Qxd1
Qe3 31. Qh1 h3 $17 {[%csl Rb1,Re4,Rh2]}) 25... Rhc8 (25... Ra8 26. Rxc5 dxc5
27. Rd1 Qa7 $19) 26. Rxc5 Rxc5 (26... dxc5 27. Rd1 Qa7 28. Rd5 Qa3 {[%csl Rc1]}
29. Rd1 Kf8 $19 {[%cal Gc8a8,Gc5c4]} (29... c4 $4 30. Qb6 $18)) 27. Qe2 Qa5 28.
Rd1 Rc3 (28... Rc6 29. h3 Kf8 (29... Ra6 30. c3 bxc3 31. Qc2 Bd2 (31... Qxa2+
32. Qxa2 Rxa2 33. Kxa2 c2 34. Rf1 c1=Q 35. Rxc1 Bxc1 36. Kb1 Bg5 {[%csl Rh5]}
37. Kc2 d5 38. Kd3 Kd6 39. Ng7 Kc5 40. Ne8 dxe4+ 41. Kxe4 Kb4 42. Nd6 $132) 32.
Ng7 b4 33. Nh5 d5 $19)) 29. Rd5 Qa3 (29... Qa3 {[%csl Rc1]} 30. Rd1 Rc7 31. Qd3
Qa6 $19 {[%csl Ra2,Rc1,Rh5][%cal Gc7a7]}) 0-1

[Event "NED-ch53"]
[Site "Rotterdam"]
[Date "1998.06.28"]
[Round "7"]
[White "Van der Weide, Karel"]
[Black "Van der Wiel, John"]
[Result "1/2-1/2"]
[WhiteElo "2450"]
[BlackElo "2525"]
[Annotator "Gofshtein,L"]
[PlyCount "120"]
[EventDate "1998.06.21"]
[EventType "tourn"]
[EventRounds "11"]
[EventCountry "NED"]
[EventCategory "12"]
[SourceTitle "CBM 066"]
[Source "ChessBase"]
[SourceDate "1998.09.30"]
[SourceVersion "1"]
[SourceVersionDate "1998.09.30"]
[SourceQuality "1"]

1. e4 {Tyomkin,D} c5 2. Nf3 Nc6 3. d4 cxd4 4. Nxd4 Nf6 5. Nc3 d6 6. Bg5 e6 7.
Qd2 a6 8. O-O-O Bd7 9. f4 h6 10. Bh4 g5 11. fxg5 Ng4 12. Nxc6 Bxc6 13. Be2 Ne5
14. g3 Ng6 15. Rhf1 (15. Kb1 Be7 (15... h5 16. Qe3 Qe7 17. Rhf1 Bg7 18. Rf2 Kf8
19. Rdf1 $11 {Mainka-Popovich, Dortmund 1995}) 16. gxh6 Nxh4 (16... Bxh4 17.
gxh4 Qxh4 18. Qxd6 Rxh6 $2 (18... Qf4 19. Qc5 Rxh6 20. Rhf1 Qe5 21. Qf2 Qc7 $11
{Marjanovic-Popovic, Belgrade 1995}) 19. Bxa6 $1 $18 {Brodsky-Nevednichy,
Bucharest 1995}) 17. gxh4 Bf8 (17... Bf6 18. Rhf1 Qe7 19. Bg4 Be5 20. Qg5 Qxg5
21. hxg5 $16 {Akopian,-Kozul, GM 1994}) 18. h5 (18. Rhf1 Qe7 19. Bg4) 18...
Rxh6 (18... Qf6 19. Qe3 Bxh6 20. Qb6 Qe5 21. Qc7 $11 {Polgar-Ryskin, Ljubljana
1995}) 19. Rhg1 Qe7 20. Rg8 $14 {Ioseliani,-Galliamova, Tilburg 1994}) 15...
Be7 (15... hxg5 $5 16. Bxg5 Qxg5 17. Qxg5 Bh6 18. Qxh6 Rxh6 19. h4 Ke7 20. h5
Ne5 21. g4 Rg8 $44 {Zarnicki,P-Becerra Rivero,J/Erevan olm 1996/1/2-1/2(35)})
16. gxh6 Nxh4 17. gxh4 Bf8 18. Qd4 Rxh6 (18... Rh7 $2 19. Nd5 $1 Bxh6+ 20. Kb1
Bg7 21. Nf6+ (21. Qf2 $5 $16) 21... Bxf6 22. Rxf6 Qc7 23. e5 d5 (23... dxe5 24.
Qg4 $16) 24. h5 O-O-O 25. h6 Rdh8 26. Qf4 $18 {Wahls,M-Anka,E/Berliner Sommer
1995/1-0(40)}) 19. h5 Qg5+ 20. Kb1 Qe5 $6 (20... Qc5 $142 21. Qd2 Rh7 22. Bg4
Bg7 23. Qxd6 (23. Rf3 {1/2-1/2 Groszpeter,A-Videki,S/Zalakaros op 1995}) 23...
Qxd6 24. Rxd6 Bxc3 25. bxc3 Bxe4 26. Bxe6 Ke7 27. Rd4 Bxc2+ 28. Kxc2 fxe6 29.
Rg4 {1/2-1/2 Skripchenko,A-Gaponenko,I/Belgrade Yugometal 1996}) 21. Qb6 Rc8
22. Bg4 $6 $146 (22. Qf2 $5 Rh7 23. Bg4 Qc5 24. Qg2 Bd7 25. Qf3 Rc7 26. e5 $36
{Almasi,Z-Gabriel,C/Altensteig 1994/1-0(35)}) 22... Qc5 23. Qxc5 (23. Qb3 $5 b5
$5 (23... Bg7 24. Nd5 Bb5 25. Rfe1 Rd8 (25... Bc4 26. Qxb7 Bxd5 27. exd5 Qxc2+
28. Ka1 Rc7 29. Qb4 $14) 26. Ne3 Bc6 27. Bf3 $14) 24. Nd5 Bg7 25. Qf3 $6 f5 26.
Bxf5 exf5 27. Qxf5 Bxd5 28. exd5 Kd8 $15) 23... dxc5 24. Nd5 Bg7 25. a4 b5 26.
Rd2 Bd4 $5 (26... f5 $6 27. exf5 Bxd5 (27... exd5 $6 28. f6 Rc7 29. fxg7 Rxg7
30. axb5 axb5 31. h3 $16) 28. f6 $1 {[%cal Gg4c8]} (28. fxe6 Bxe6 29. Re1 Rc6)
28... Bxf6 29. Rxd5 exd5 30. Bxc8 $14) 27. Rg2 Kf8 28. c3 Be5 $44 {The pair of
bishops fully compensates black for the lack of the pawn.} 29. Rgf2 Be8 30. Nf6
Rc7 31. a5 $6 {Preparing the piece sacrifice on the next move.} (31. Nxe8 Kxe8
32. axb5 axb5 33. Kc2 b4 34. h3 bxc3 35. bxc3 $14) 31... Bc6 32. Bxe6 $2 Rxf6 (
32... fxe6 $2 33. Nd5+ Ke8 (33... Kg8 $6 34. Nxc7 Bxc7 35. Rf8+ Kg7 36. R1f7#)
34. Rf8+ Kd7 35. R1f7+ Kd6 36. Nxc7 $16) 33. Rxf6 Bxf6 34. Rxf6 Kg7 35. e5 fxe6
36. Rxe6 b4 $5 $17 (36... Be4+ $6 37. Kc1 Rc6 38. Rxc6 Bxc6 39. Kd2 $1 (39. b4
$2 cxb4 $1 (39... c4 40. Kd2 Kf7) 40. cxb4 Kf7 41. Kd2 Ke6 42. h6 Be4 43. Ke3
Kxe5 $19) 39... Kh6 40. b4 Kxh5 (40... c4 $6 41. Ke3 Kxh5 42. Kd4 Kg4 43. Kc5
Be8 44. Kb6 Kf4 45. Kxa6 $16) 41. bxc5 Kg5 42. Ke3 Kf5 43. Kd4 Bg2 44. c6 Bxc6
45. Kc5 Be8 46. Kb6 $11) 37. c4 Ba4 (37... Be4+ $1 38. Kc1 Rc6 39. Rxc6 Bxc6
40. Kd2 Kh6 41. Ke3 Kxh5 42. Kf4 Kg6 $19) 38. Rxa6 Rf7 (38... Bb3 $5 39. Kc1
Bxc4 40. Rb6 Ra7 $1 $17) 39. b3 Rf1+ (39... Bxb3 40. Rc6 Bxc4 41. Rxc5 Rf1+ 42.
Kb2 Rf2+ 43. Kc1 Bf7 $17) 40. Kc2 Rf2+ 41. Kd3 Bxb3 42. Rb6 Ra2 $6 ({Simple} 
42... Rxh2 $1 43. a6 (43. Rc6 Bc2+ 44. Ke3 b3 45. a6 b2 $19) 43... Rh3+ 44. Ke4
Bxc4 45. a7 Ra3 $19 {was winning easily.}) 43. a6 Ra3 44. h6+ Kh7 45. e6 Ba2+ (
45... Kxh6 $2 46. e7+ Kg5 (46... Kg7 47. e8=N+ $1 Kf8 48. Nd6 $16) 47. Ke4 Ba4
48. Kd5 $16) 46. Ke4 Bxc4 47. e7 Bf7 48. Rf6 Be8 49. Kd5 $1 $132 b3 50. Rb6 $1
Ra5 51. Rxb3 Bf7+ 52. Kd6 Rxa6+ 53. Kxc5 Rxh6 $6 ({After} 53... Re6 $1 {
black still could try to win R+B versus R endgame.}) 54. Rf3 Kg7 55. Rg3+ Kf6
56. Kd6 $11 Be8 (56... Rxh2 57. Rf3+ Kg6 58. Rg3+ Kh5 59. Rf3 $11) 57. Rf3+
Kg7+ 58. Kc7 Ra6 59. Rf8 Ra7+ 60. Kd6 Ra6+ 1/2-1/2

[Event "USA-ch"]
[Site "Seattle"]
[Date "2000.10.05"]
[Round "10"]
[White "Shabalov, Alexander"]
[Black "Fedorowicz, John P"]
[Result "1-0"]
[WhiteElo "2601"]
[BlackElo "2533"]
[Annotator "Gofshtein,L"]
[PlyCount "53"]
[EventDate "2000.09.25"]
[EventType "tourn"]
[EventRounds "11"]
[EventCountry "USA"]
[EventCategory "14"]
[SourceTitle "CBM 080"]
[Source "ChessBase"]
[SourceDate "2001.01.25"]
[SourceVersion "1"]
[SourceVersionDate "2001.01.25"]
[SourceQuality "1"]

1. e4 {[%mdl 8900]} c5 2. Nf3 d6 3. d4 cxd4 4. Nxd4 Nf6 5. Nc3 Nc6 6. Bg5 e6 7.
Qd2 a6 8. O-O-O Bd7 9. f3 Rc8 10. Kb1 Be7 11. h4 h5 {This is typical move,
Black tries to prevent eventual pawns promotion ( White attack) on the
kingside.} (11... O-O 12. g4 b5 13. Nxc6 (13. Be3 Nxd4 14. Qxd4 Bc6 15. g5 Nd7
16. h5 $1 Bxg5 17. Bxg5 Qxg5 18. h6 $40 {1-0 Magem Badals,J-Campos,J/Manresa
1996/EXT 98 (42)}) 13... Bxc6 14. Bd3 Nd7 (14... d5 15. e5 Nd7 16. f4 $36 {
1-0 Korneev,O-Estremera Panos,S/Vendrell 1996/EXT 98 (39)}) 15. Ne2 d5 16. Nd4
Bb7 17. Qh2 dxe4 18. Bxe4 Bxe4 19. fxe4 {1/2-1/2 Dimitrov,V-Estremera Panos,S/
Barbera 1996/EXT 97 (37)}) (11... b5 12. Nxc6 Bxc6 13. Ne2 Qc7 14. Nd4 Bd7 15.
g4 h6 16. Be3 e5 17. Ne2 Be6 18. Rg1 Nd7 19. Nc3 Nb6 $132 {1/2-1/2 Lobzhanidze,
D-Olcayoz,A/Panormo 1998/CBM 67 ext (32)}) (11... Nxd4 12. Qxd4 Rc6 (12... Qc7
13. g4 b5 {1/2-1/2 Pikula,D-Popovic,P/Niksic 1997/EXT 2000 (13)}) 13. Qd2 b5
14. Bd3 Qa5 15. f4 b4 16. Ne2 h6 17. Bxf6 Bxf6 18. g4 Bc3 $13 {1-0 Peptan,
C-Grosar,A/Ljubljana 1997/CBM 58 ext (43)}) 12. Nxc6 Rxc6 13. Bd3 b5 (13... Qc7
$6 {This is dubious move gives to white strong attack.} 14. Rhe1 $1 {[%cal
Ye1e7]} O-O 15. Nd5 $1 $36 exd5 16. exd5 Rc5 17. Rxe7 Nxd5 18. Ree1 {1-0
Luecke,N-Kalinitschew,S/Muenster 1990/EXT 97 (38)}) 14. Rhe1 b4 15. Ne2 Qb6 16.
Nf4 {[%csl Re5,Rh5][%cal Ye4e5,Yf4h5] White prevents castle, and by the way
prepares e4-e5 promotion.} a5 $2 {Decisive mistake. It was necessary 16...Rc7
defending the bishop d7} (16... Rc7 $5 {[%csl Gd7][%cal Gc7d7]}) (16... O-O $2
17. Nxh5) 17. e5 $1 {This break leads to winning position.} dxe5 (17... Ng8 {
And after this move white has serious attack after} 18. g4 $1 {[%csl Rh5][%cal
Rg4h5,Rf4h5] Strong move, position is not so clear after 18. Be4,or 18.Ng6} (
18. Be4 d5 19. Bxd5 $6 (19. Nxd5 $2 exd5 20. Bxd5 Rc7 21. Bxf7+ Kxf7 22. Qf4+
Ke8 23. e6 Bxe6 24. Rxe6 Rd7 25. Rxd7 Qxe6 26. Rd1 Qe2) 19... exd5 20. Nxd5 Qd8
) (18. Ng6 fxg6 $5 (18... Bxg5 $2 19. Qxg5 Rh6 20. Nf4 $36) 19. Bxg6+ Kd8 20.
exd6 Bf6 $13) 18... hxg4 19. fxg4 Bxg5 20. hxg5 $40) 18. Ng6 $1 {[%cal Yd2d7]}
fxg6 19. Bxf6 $18 (19. Bxg6+ Kf8 20. Bxf6 gxf6 21. Qxd7 $18) 19... gxf6 20.
Bxg6+ Kf8 21. Qxd7 Kg7 22. Qxe7+ Kxg6 23. Rd7 Qc5 24. Qg7+ Kf5 25. g4+ Kf4 26.
Qxf6+ Kg3 27. Rd2 1-0

[Event "EU-chT (Men) 12th"]
[Site "Batumi"]
[Date "1999.11.30"]
[Round "2.2"]
[White "Smirin, Ilia"]
[Black "Palac, Mladen"]
[Result "1/2-1/2"]
[WhiteElo "2671"]
[BlackElo "2610"]
[Annotator "Gofshtein,L"]
[PlyCount "73"]
[EventDate "1999.11.06"]
[EventType "team-swiss"]
[EventRounds "9"]
[EventCountry "GEO"]
[SourceTitle "CBM 074"]
[Source "ChessBase"]
[SourceDate "2000.02.01"]
[SourceVersion "1"]
[SourceVersionDate "2000.02.01"]
[SourceQuality "1"]
[WhiteTeam "Israel"]
[BlackTeam "Croatia"]
[WhiteTeamCountry "ISR"]
[BlackTeamCountry "CRO"]

1. e4 c5 2. Nf3 d6 3. d4 cxd4 4. Nxd4 Nf6 5. Nc3 Nc6 6. Bg5 e6 7. Qd2 a6 8.
O-O-O Bd7 9. f4 b5 10. Nxc6 Bxc6 11. Qe3 {this varition does not give an
advantage for white, according to the theory.Above-mentioned game confirmes
this opinion.More chances gives 10.Bf6 or11.Bd3} Be7 12. Bxf6 Bxf6 (12... gxf6
13. f5 $40) 13. e5 (13. Nd5 Bxd5 14. exd5 e5 15. Qe4 (15. Bd3 Qe7 16. Rhe1 Qa7
$132 {1/2-1/2 Radulov,I-Schneider,L/Skara 1980/EU-chT (38)}) 15... O-O 16. Bd3
g6 17. f5 Qb6 18. h4 Qd4 19. Qxd4 exd4 20. g4 g5 $11 {1/2-1/2 Westerinen,
H-Helmers,K/Roskilde 1978/MCD (25)}) 13... Be7 14. exd6 {This move could be
accepted,but white probably has something better.} Bxd6 15. Ne4 {The other
line doesn't give white anything special.} (15. Qd4 Bf8 16. Qe3 (16. Qf2 Qa5
17. f5 b4 18. fxe6 f6 19. Nd5 b3 20. Qf5 Bc5 21. Nxf6+ {1-0 Kulaots,K-Szuk,B/
Duisburg 1992/TD (21)}) (16. Qe5 Qb8 17. Qd4 Be7 18. f5 O-O 19. fxe6 fxe6 20.
Bd3 b4 21. Ne4 Bd5 $132 {0-1 Petrushin,A-Yermolinsky,A/Krasnodar 1980/EXT 99 
(59)}) 16... Bd6 17. Qd4 (17. Ne4 Bxe4 18. Qxe4 O-O 19. Bd3 g6 20. h4 Qf6 21.
g3 Rfd8 22. Be2 Ba3 23. Qe5 Qxe5 24. fxe5 {1/2-1/2 Schussler,H-Schneider,L/
Malmo 1986/EXT 97 (24)}) 17... Bf8 18. Qe3 {1/2-1/2 Cramling,D-Schneider,L/
Eksjo 1982/MCD (18)}) (15. Bd3 Qc7 16. Rhf1 O-O 17. Ne4 Bxe4 18. Qxe4 g6 19. h4
Qa5 20. Kb1 Qb4 $132 {0-1 Kotronias,V-Grosar,A/Bled 1991/CBM 24 (42)}) 15...
Bxe4 16. Qxe4 O-O 17. Bd3 g6 18. h4 (18. g3 Qf6 19. Kb1 Rfd8 20. Be2 e5 $132 {
1/2-1/2 Hunt,H-Epishin,V/Geneva 1997/EXT 98 (70)}) 18... Qf6 19. Rdf1 (19. g3
Rfd8 20. h5 Bf8 21. hxg6 hxg6 22. a3 Rab8 23. c3 a5 $132 {0-1 Diesen,M-Mednis,
E/New York 1977/EXT 98 (41)}) 19... Rfd8 20. g4 (20. h5 Bf8 21. g4 Rac8 22. g5
{1/2-1/2 Kholmov,R-Weinstein,N/Budapest 1976/MCL (22)}) 20... Bf8 21. f5 exf5
22. gxf5 Bg7 23. c3 b4 $5 $146 {[%cal Yf6c3,Yb4c3] This try had a success in
this game.} (23... Qe5 24. fxg6 hxg6 25. h5 gxh5 26. Qf3 Ra7 27. Rxh5 Qd6 28.
Bc2 Re7 29. Qh1 Red7 30. Rh8+ Bxh8 31. Qh7+ Kf8 32. Qxh8+ Ke7 33. Re1+ Qe6 34.
Rxe6+ fxe6 35. Qe5 Rf8 {1-0 Grabarczyk,B-Panchenko,A/Katowice 1993/EXT 98 (35)}
) 24. Bc4 (24. fxg6 Qxg6 25. Rhg1 Qxe4 26. Bxe4 Rac8 $132) 24... g5 $1 25. hxg5
Qxg5+ 26. Kb1 Qf6 27. Qh4 $1 bxc3 28. Qxf6 $11 Bxf6 29. bxc3 Rd7 30. Rfg1+ Kh8
31. Rh3 Rc8 32. Bxa6 Rxc3 33. Rxc3 Bxc3 34. Kc2 Bf6 35. a4 Rd5 36. Rf1 Kg7 37.
Re1 1/2-1/2